Chapitres de Vingt Mille Lieues sous les Mers - Statistiques

Statistiques générales
  • Ce quiz a été pris 8 fois
  • Le résultat moyen est 7 sur 47
Statistiques - réponses
Hint Réponse % Correct
Partie I – Chapitre XI Le Nautilus
71%
Partie I – Chapitre V À l’aventure !
57%
Partie I – Chapitre IV Ned Land
57%
Partie I – Chapitre I Un écueil fuyant
43%
Partie I – Chapitre XXIII Ægri somnia
29%
Partie II – Chapitre V Arabian-Tunnel
29%
Partie I – Chapitre VI À toute vapeur
29%
Partie II – Chapitre XXIII Conclusion
29%
Partie II – Chapitre XIII La Banquise
29%
Partie I – Chapitre XX Le détroit de Torrès
29%
Partie I – Chapitre X L’homme des eaux
29%
Partie II – Chapitre I L’Océan Indien
29%
Partie I – Chapitre VIII Mobilis in mobile
29%
Partie II – Chapitre XII Cachalots et Baleines
14%
Partie I – Chapitre III Comme il plaira à monsieur
14%
Partie II – Chapitre VIII La Baie de Vigo
14%
Partie II – Chapitre XI La Mer de Sargasses
14%
Partie II – Chapitre IV La Mer Rouge
14%
Partie I – Chapitre XIV Le Fleuve-Noir
14%
Partie II – Chapitre XIV Le Pôle Sud
14%
Partie I – Chapitre II Le pour et le contre
14%
Partie II – Chapitre X Les Houillères sous-marines
14%
Partie I – Chapitre XVI Promenade en plaine
14%
Partie I – Chapitre XIII Quelques chiffres
14%
Partie I – Chapitre XXI Quelques jours à terre
14%
Partie I – Chapitre XII Tout par l’électricité
14%
Partie II – Chapitre IX Un Continent disparu
14%
Partie I – Chapitre VII Une baleine d’espèce inconnue
14%
Partie II – Chapitre III Une Perle de dix millions
14%
Partie II – Chapitre XV Accident ou Incident
0%
Partie II – Chapitre XVII Du Cap Horn à l’Amazone
0%
Partie II – Chapitre XVI Faute d’air
0%
Partie I – Chapitre XXII La foudre du capitaine Nemo
0%
Partie II – Chapitre VII La Méditerranée en quarante-huit heures
0%
Partie II – Chapitre VI L’Archipel grec
0%
Partie II – Chapitre XIX Le Gulf-Stream
0%
Partie I – Chapitre XXIV Le royaume du corail
0%
Partie I – Chapitre IX Les colères de Ned Land
0%
Partie II – Chapitre XXII Les dernières paroles du capitaine Nemo
0%
Partie II – Chapitre XVIII Les Poulpes
0%
Partie II – Chapitre XX Par 47° 24′ de latitude et de 17° 28′ de longitude
0%
Partie I – Chapitre XVIII Quatre mille lieues sous le Pacifique
0%
Partie I – Chapitre XVII Une forêt sous-marine
0%
Partie II – Chapitre XXI Une Hécatombe
0%
Partie I – Chapitre XV Une invitation par lettre
0%
Partie II – Chapitre II Une nouvelle proposition du capitaine Nemo
0%
Partie I – Chapitre XIX Vanikoro
0%
Aucun quiz correspondant
Distribution des résultats
% des personnes avec chaque résultat
Percentile par nombre de réponses
Votre historique - résultats
Vous n’avez pas pris ce quiz